| 000 | 004210000a22001690004500 | ||
|---|---|---|---|
| 003 | MACL | ||
| 005 | 20160108135209.0 | ||
| 008 | 160108b xxu||||| |||| 00| 0 eng d | ||
| 040 |
_aMACL _cMACL |
||
| 041 | _aEnglish | ||
| 082 | _a920/ZWE | ||
| 100 |
_aParulekar, R V _929727 |
||
| 245 | _aThe Educational Writings | ||
| 260 |
_bAsian Publishers _c1957 _aMadras |
||
| 650 |
_aBiography _929728 |
||
| 942 |
_cBK _k920/Par _2ddc |
||
| 999 |
_c35015 _d35015 |
||